Priestorové usporiadanie poradenských centier v SR
Poradenské centrá malého a stredného podnikania v SR. Veľkú pomoc pri budovaní siete inštitúcií na podporu MSP zohráva zahraničná pomoc program EÚ (PHARE) a britský Know-How Fond. Vláda SR buduje sieť regionálnych rozvojových agentúr ako nástroj na podporu regionálneho rozvoja hlavne v zaostávajúcic...
Na minha lista:
| Autor principal: | |
|---|---|
| Formato: | Capítulo de Livro |
| Idioma: | eslovaco |
| Assuntos: | |
| Tags: |
Sem tags, seja o primeiro a adicionar uma tag!
|
MARC
| LEADER | 00000naa$a2200000$$$4500 | ||
|---|---|---|---|
| 001 | 0113842 | ||
| 005 | 20240502072251.3 | ||
| 041 | 0 | |a slo | |
| 044 | |a SK | ||
| 245 | 1 | 0 | |a Priestorové usporiadanie poradenských centier v SR |c Štefan Rehák |
| 520 | |a Poradenské centrá malého a stredného podnikania v SR. Veľkú pomoc pri budovaní siete inštitúcií na podporu MSP zohráva zahraničná pomoc program EÚ (PHARE) a britský Know-How Fond. Vláda SR buduje sieť regionálnych rozvojových agentúr ako nástroj na podporu regionálneho rozvoja hlavne v zaostávajúcich regiónoch Slovenska. | ||
| 610 | 2 | 0 | |a rozvoj regionálny |
| 610 | 2 | 0 | |a poradenstvo |
| 610 | 2 | 0 | |a programy |
| 610 | 2 | 0 | |a podnikanie malé |
| 610 | 2 | 0 | |a podnikanie stredné |
| 100 | 1 | |a Rehák, Štefan, 1974- | |